000 00867nam a22002417a 4500
003 OSt
005 20220518122555.0
008 210317b ||||| |||| 00| 0 spa d
020 _a9789945505122
040 _aDO-SdBNP
_bspa
_cBNPHU
082 4 _a923.2
_bC123n
_222
100 1 0 _aCadet Jiménez, Lidio
_978159
_d1943-
245 1 0 _aNotas autobiográficas :
_bun viaje hacia la eternidad /
_cLidio Cadet Jiménez
260 _a[Santo Domingo ] :
_b[s. n],
_c2020
300 _a347 p. ;
_c24 cm
590 _aInventariado, 2021 / DG
590 _aLa biblioteca posee 1 ejemplar autografiado por el autor
600 4 _aCadet, Lidio
_d1943-
_978372
650 4 _aPolíticos
_zRepública Dominicana
_vBiografías
_96328
651 4 _aRepública Dominicana
_vBiografías
_91083
910 _aInventariado, 2021 / DG/Validado. Control de calidad MFF
942 _2ddc
_cLBS1
999 _c49597
_d49597